000 00287nam a22001337a 4500
008 170914b xxu||||| |||| 00| 0 eng d
020 _a2900534640698
041 _aeng
080 _a7
100 _a44
101 _aART
245 _aTHEATRE IN YOUR LIFE
_cBARTON.R
942 _2udc
_cBK
999 _c27751
_d27751